00918cam a22002653a 4500001000500000005001700005020001600022040002800038050001300066082000800079100002100087245009900108250001200207260005900219300005500278490002500333505000800358520013400366521002000500521002000520650002800540650001900568650002400587700004100611116020230908141611.0 a0307960034X aMCPcMCPdMnUdDLCbeng00aPZ10.K84 aFic1 aKorman, Justine.14aThe poky little puppy's first Christmas /cby Justine Korman ; illustrations by Jean Chandler. a1st ed. aNew York :bGolden Books Publishing Company, Incc2002 a23 unnumbered pages:bcolor illustrations ;c21 cm1 aA Little golden book aF  aOn his very first Christmas, the Poky Little Puppy makes a new friend and learns which gifts are the best Christmas gifts of all. a300 bLexile  aF bRaz-Plus  0aDogsvJuvenile fiction. 1aDogsvFiction. 1aChristmasvFiction.1 aChandler, Jean,d1927-eillustrator.